Beköszöntő

Elmentve itt :
Bibliográfiai részletek
Szerző: Nagy József Béla
Dokumentumtípus: Cikk
Megjelent: 1919
Sorozat:Magyar pedagógia : a Magyar Tudományos Akadémia Pedagógiai Bizottságának folyóirata 28
Kulcsszavak:Szerkesztői üzenetek, Beköszöntő
Online Access:http://misc.bibl.u-szeged.hu/9980
LEADER 00649nab a2200181 i 4500
001 misc9980
005 20191106143342.0
008 170607s1919 hu o 0|| hun d
022 |a 0025-0260 
040 |a SZTE Miscellanea Repozitórium  |b hun 
041 |a hun 
100 1 |a Nagy József Béla 
245 1 0 |a Beköszöntő  |h [elektronikus dokumentum] /  |c  Nagy József Béla 
260 |c 1919 
300 |a 89-92 
490 0 |a Magyar pedagógia : a Magyar Tudományos Akadémia Pedagógiai Bizottságának folyóirata  |v 28 
695 |a Szerkesztői üzenetek, Beköszöntő 
856 4 0 |u http://misc.bibl.u-szeged.hu/9980/1/mp_1919_2701_089-092.pdf  |z Dokumentum-elérés